<?xml version="1.0" encoding="UTF-8"?>
<record
    xmlns:xsi="http://www.w3.org/2001/XMLSchema-instance"
    xsi:schemaLocation="http://www.loc.gov/MARC21/slim http://www.loc.gov/standards/marcxml/schema/MARC21slim.xsd"
    xmlns="http://www.loc.gov/MARC21/slim">

  <leader>00730nam a22002057a 4500</leader>
  <datafield tag="999" ind1=" " ind2=" ">
    <subfield code="c">125524</subfield>
    <subfield code="d">125524</subfield>
  </datafield>
  <controlfield tag="005">20220216113422.0</controlfield>
  <controlfield tag="008">190613b           ||||| |||| 00| 0 eng d</controlfield>
  <datafield tag="020" ind1=" " ind2=" ">
    <subfield code="a">9788385915475</subfield>
  </datafield>
  <datafield tag="040" ind1=" " ind2=" ">
    <subfield code="c">PK-LaUMT</subfield>
  </datafield>
  <datafield tag="082" ind1=" " ind2=" ">
    <subfield code="a">611</subfield>
    <subfield code="b">BDC-</subfield>
  </datafield>
  <datafield tag="245" ind1=" " ind2=" ">
    <subfield code="a">BD Chaurasia's human anatomy regional and applied  dissection and clinical :</subfield>
    <subfield code="b">V.1: Upper limb thorax, V.2: Lower limb; Abdomen and pelvis, V.3: head and neck, V.4: Brain-neuroanatomy /</subfield>
    <subfield code="c">edited by Krishna Garg, Pragati Sheel Mital and Mrudula Chandrupatia </subfield>
  </datafield>
  <datafield tag="250" ind1=" " ind2=" ">
    <subfield code="a">8th ed. [pirated]</subfield>
  </datafield>
  <datafield tag="260" ind1=" " ind2=" ">
    <subfield code="a">New Delhi :</subfield>
    <subfield code="b">CBS Publishers &amp; Distributors,</subfield>
    <subfield code="c">2020</subfield>
  </datafield>
  <datafield tag="300" ind1=" " ind2=" ">
    <subfield code="a">4 vols. set</subfield>
  </datafield>
  <datafield tag="650" ind1=" " ind2=" ">
    <subfield code="a">Upper limb</subfield>
  </datafield>
  <datafield tag="650" ind1=" " ind2=" ">
    <subfield code="a">Arm</subfield>
  </datafield>
  <datafield tag="650" ind1=" " ind2=" ">
    <subfield code="a">Hand</subfield>
  </datafield>
  <datafield tag="650" ind1=" " ind2=" ">
    <subfield code="a">Thorax</subfield>
  </datafield>
  <datafield tag="942" ind1=" " ind2=" ">
    <subfield code="c">BK</subfield>
  </datafield>
  <datafield tag="952" ind1=" " ind2=" ">
    <subfield code="0">0</subfield>
    <subfield code="1">0</subfield>
    <subfield code="4">0</subfield>
    <subfield code="7">0</subfield>
    <subfield code="a">HSC</subfield>
    <subfield code="b">HSC</subfield>
    <subfield code="d">2022-01-27</subfield>
    <subfield code="l">9</subfield>
    <subfield code="o">611 BDC-</subfield>
    <subfield code="p">140993</subfield>
    <subfield code="r">2024-12-30 12:52:22</subfield>
    <subfield code="s">2024-12-16</subfield>
    <subfield code="t">Vol.1</subfield>
    <subfield code="w">2022-01-27</subfield>
    <subfield code="y">BK</subfield>
  </datafield>
  <datafield tag="952" ind1=" " ind2=" ">
    <subfield code="0">0</subfield>
    <subfield code="1">0</subfield>
    <subfield code="4">0</subfield>
    <subfield code="7">0</subfield>
    <subfield code="a">HSC</subfield>
    <subfield code="b">HSC</subfield>
    <subfield code="d">2022-01-27</subfield>
    <subfield code="l">12</subfield>
    <subfield code="o">611 BDC-</subfield>
    <subfield code="p">140994</subfield>
    <subfield code="r">2025-11-11 12:13:52</subfield>
    <subfield code="s">2025-10-16</subfield>
    <subfield code="t">Vol.2</subfield>
    <subfield code="w">2022-01-27</subfield>
    <subfield code="y">T</subfield>
  </datafield>
  <datafield tag="952" ind1=" " ind2=" ">
    <subfield code="0">0</subfield>
    <subfield code="1">0</subfield>
    <subfield code="4">0</subfield>
    <subfield code="7">0</subfield>
    <subfield code="a">HSC</subfield>
    <subfield code="b">HSC</subfield>
    <subfield code="d">2022-01-27</subfield>
    <subfield code="l">3</subfield>
    <subfield code="o">611 BDC-</subfield>
    <subfield code="p">140995</subfield>
    <subfield code="r">2025-12-04 08:34:28</subfield>
    <subfield code="s">2025-11-26</subfield>
    <subfield code="t">Vol.3</subfield>
    <subfield code="w">2022-01-27</subfield>
    <subfield code="y">T</subfield>
  </datafield>
  <datafield tag="952" ind1=" " ind2=" ">
    <subfield code="0">0</subfield>
    <subfield code="1">0</subfield>
    <subfield code="4">0</subfield>
    <subfield code="7">0</subfield>
    <subfield code="a">HSC</subfield>
    <subfield code="b">HSC</subfield>
    <subfield code="d">2022-01-27</subfield>
    <subfield code="l">4</subfield>
    <subfield code="o">611 BDC-</subfield>
    <subfield code="p">140996</subfield>
    <subfield code="q">2026-07-07</subfield>
    <subfield code="r">2026-06-23 14:36:25</subfield>
    <subfield code="s">2026-06-23</subfield>
    <subfield code="t">Vol.4</subfield>
    <subfield code="w">2022-01-27</subfield>
    <subfield code="y">T</subfield>
  </datafield>
  <datafield tag="952" ind1=" " ind2=" ">
    <subfield code="0">0</subfield>
    <subfield code="1">0</subfield>
    <subfield code="4">0</subfield>
    <subfield code="7">0</subfield>
    <subfield code="a">HSC</subfield>
    <subfield code="b">HSC</subfield>
    <subfield code="d">2022-01-27</subfield>
    <subfield code="l">6</subfield>
    <subfield code="o">611 BDC-</subfield>
    <subfield code="p">140997</subfield>
    <subfield code="r">2024-12-20 12:36:30</subfield>
    <subfield code="s">2024-12-19</subfield>
    <subfield code="t">V.1.,C.2</subfield>
    <subfield code="w">2022-01-27</subfield>
    <subfield code="y">T</subfield>
  </datafield>
  <datafield tag="952" ind1=" " ind2=" ">
    <subfield code="0">0</subfield>
    <subfield code="1">0</subfield>
    <subfield code="4">0</subfield>
    <subfield code="7">0</subfield>
    <subfield code="a">HSC</subfield>
    <subfield code="b">HSC</subfield>
    <subfield code="d">2022-01-27</subfield>
    <subfield code="l">3</subfield>
    <subfield code="o">611 BDC-</subfield>
    <subfield code="p">140998</subfield>
    <subfield code="r">2026-03-04 12:38:48</subfield>
    <subfield code="s">2025-11-17</subfield>
    <subfield code="t">V.2.,C.2</subfield>
    <subfield code="w">2022-01-27</subfield>
    <subfield code="y">T</subfield>
  </datafield>
  <datafield tag="952" ind1=" " ind2=" ">
    <subfield code="0">0</subfield>
    <subfield code="1">0</subfield>
    <subfield code="4">0</subfield>
    <subfield code="7">0</subfield>
    <subfield code="a">HSC</subfield>
    <subfield code="b">HSC</subfield>
    <subfield code="d">2022-01-27</subfield>
    <subfield code="l">3</subfield>
    <subfield code="o">611 BDC-</subfield>
    <subfield code="p">140999</subfield>
    <subfield code="r">2024-05-02 00:00:00</subfield>
    <subfield code="s">2024-04-19</subfield>
    <subfield code="t">V.3.,C.2</subfield>
    <subfield code="w">2022-01-27</subfield>
    <subfield code="y">T</subfield>
  </datafield>
  <datafield tag="952" ind1=" " ind2=" ">
    <subfield code="0">0</subfield>
    <subfield code="1">0</subfield>
    <subfield code="4">0</subfield>
    <subfield code="7">0</subfield>
    <subfield code="a">HSC</subfield>
    <subfield code="b">HSC</subfield>
    <subfield code="d">2022-01-27</subfield>
    <subfield code="l">8</subfield>
    <subfield code="m">1</subfield>
    <subfield code="o">611 BDC-</subfield>
    <subfield code="p">141000</subfield>
    <subfield code="r">2025-01-16 09:39:09</subfield>
    <subfield code="s">2025-01-01</subfield>
    <subfield code="t">V.4.,C.2</subfield>
    <subfield code="w">2022-01-27</subfield>
    <subfield code="y">T</subfield>
  </datafield>
  <datafield tag="952" ind1=" " ind2=" ">
    <subfield code="0">0</subfield>
    <subfield code="1">0</subfield>
    <subfield code="4">0</subfield>
    <subfield code="7">0</subfield>
    <subfield code="a">HSC</subfield>
    <subfield code="b">HSC</subfield>
    <subfield code="d">2022-01-27</subfield>
    <subfield code="l">6</subfield>
    <subfield code="o">611 BDC-</subfield>
    <subfield code="p">141001</subfield>
    <subfield code="r">2025-01-28 15:58:09</subfield>
    <subfield code="s">2024-12-18</subfield>
    <subfield code="t">V.1.,C.3</subfield>
    <subfield code="w">2022-01-27</subfield>
    <subfield code="y">T</subfield>
  </datafield>
  <datafield tag="952" ind1=" " ind2=" ">
    <subfield code="0">0</subfield>
    <subfield code="1">0</subfield>
    <subfield code="4">0</subfield>
    <subfield code="7">0</subfield>
    <subfield code="a">HSC</subfield>
    <subfield code="b">HSC</subfield>
    <subfield code="d">2022-01-27</subfield>
    <subfield code="l">9</subfield>
    <subfield code="m">1</subfield>
    <subfield code="o">611 BDC-</subfield>
    <subfield code="p">141002</subfield>
    <subfield code="r">2024-08-09 10:31:04</subfield>
    <subfield code="s">2024-08-08</subfield>
    <subfield code="t">V.2.,C.3</subfield>
    <subfield code="w">2022-01-27</subfield>
    <subfield code="y">T</subfield>
  </datafield>
  <datafield tag="952" ind1=" " ind2=" ">
    <subfield code="0">0</subfield>
    <subfield code="1">0</subfield>
    <subfield code="4">0</subfield>
    <subfield code="7">0</subfield>
    <subfield code="a">HSC</subfield>
    <subfield code="b">HSC</subfield>
    <subfield code="d">2022-01-27</subfield>
    <subfield code="l">2</subfield>
    <subfield code="m">1</subfield>
    <subfield code="o">611 BDC-</subfield>
    <subfield code="p">141003</subfield>
    <subfield code="r">2026-01-21 10:47:57</subfield>
    <subfield code="s">2025-12-23</subfield>
    <subfield code="t">V.3.,C.3</subfield>
    <subfield code="w">2022-01-27</subfield>
    <subfield code="y">T</subfield>
  </datafield>
  <datafield tag="952" ind1=" " ind2=" ">
    <subfield code="0">0</subfield>
    <subfield code="1">0</subfield>
    <subfield code="4">0</subfield>
    <subfield code="7">0</subfield>
    <subfield code="a">HSC</subfield>
    <subfield code="b">HSC</subfield>
    <subfield code="d">2022-01-27</subfield>
    <subfield code="l">10</subfield>
    <subfield code="m">1</subfield>
    <subfield code="o">611 BDC-</subfield>
    <subfield code="p">141004</subfield>
    <subfield code="r">2026-06-01 09:35:12</subfield>
    <subfield code="s">2026-05-14</subfield>
    <subfield code="t">V.4.,C.3</subfield>
    <subfield code="w">2022-01-27</subfield>
    <subfield code="y">T</subfield>
  </datafield>
  <datafield tag="952" ind1=" " ind2=" ">
    <subfield code="0">0</subfield>
    <subfield code="1">0</subfield>
    <subfield code="4">0</subfield>
    <subfield code="7">0</subfield>
    <subfield code="a">HSC</subfield>
    <subfield code="b">HSC</subfield>
    <subfield code="d">2022-01-27</subfield>
    <subfield code="l">6</subfield>
    <subfield code="o">611 BDC-</subfield>
    <subfield code="p">141005</subfield>
    <subfield code="r">2025-10-20 08:46:19</subfield>
    <subfield code="s">2025-05-27</subfield>
    <subfield code="t">V.1.,C.4</subfield>
    <subfield code="w">2022-01-27</subfield>
    <subfield code="y">T</subfield>
  </datafield>
  <datafield tag="952" ind1=" " ind2=" ">
    <subfield code="0">0</subfield>
    <subfield code="1">0</subfield>
    <subfield code="4">0</subfield>
    <subfield code="7">0</subfield>
    <subfield code="a">HSC</subfield>
    <subfield code="b">HSC</subfield>
    <subfield code="d">2022-01-27</subfield>
    <subfield code="l">4</subfield>
    <subfield code="o">611 BDC-</subfield>
    <subfield code="p">141006</subfield>
    <subfield code="r">2025-05-31 10:31:31</subfield>
    <subfield code="s">2025-05-26</subfield>
    <subfield code="t">V.2.,C.4</subfield>
    <subfield code="w">2022-01-27</subfield>
    <subfield code="y">T</subfield>
  </datafield>
  <datafield tag="952" ind1=" " ind2=" ">
    <subfield code="0">0</subfield>
    <subfield code="1">0</subfield>
    <subfield code="4">0</subfield>
    <subfield code="7">0</subfield>
    <subfield code="a">HSC</subfield>
    <subfield code="b">HSC</subfield>
    <subfield code="d">2022-01-27</subfield>
    <subfield code="l">1</subfield>
    <subfield code="o">611 BDC-</subfield>
    <subfield code="p">141007</subfield>
    <subfield code="r">2023-10-04 00:00:00</subfield>
    <subfield code="s">2023-08-25</subfield>
    <subfield code="t">V.3.,C.4</subfield>
    <subfield code="w">2022-01-27</subfield>
    <subfield code="y">T</subfield>
  </datafield>
  <datafield tag="952" ind1=" " ind2=" ">
    <subfield code="0">0</subfield>
    <subfield code="1">0</subfield>
    <subfield code="4">0</subfield>
    <subfield code="7">0</subfield>
    <subfield code="a">HSC</subfield>
    <subfield code="b">HSC</subfield>
    <subfield code="d">2022-01-27</subfield>
    <subfield code="l">5</subfield>
    <subfield code="o">611 BDC-</subfield>
    <subfield code="p">141008</subfield>
    <subfield code="q">2026-07-06</subfield>
    <subfield code="r">2026-06-22 15:29:50</subfield>
    <subfield code="s">2026-06-22</subfield>
    <subfield code="t">V.4.,C.4</subfield>
    <subfield code="w">2022-01-27</subfield>
    <subfield code="y">T</subfield>
  </datafield>
  <datafield tag="952" ind1=" " ind2=" ">
    <subfield code="0">0</subfield>
    <subfield code="1">0</subfield>
    <subfield code="4">0</subfield>
    <subfield code="7">0</subfield>
    <subfield code="a">HSC</subfield>
    <subfield code="b">HSC</subfield>
    <subfield code="d">2022-01-27</subfield>
    <subfield code="l">11</subfield>
    <subfield code="o">611 BDC-</subfield>
    <subfield code="p">141009</subfield>
    <subfield code="r">2025-08-07 10:22:48</subfield>
    <subfield code="s">2025-07-22</subfield>
    <subfield code="t">V.1,C.5</subfield>
    <subfield code="w">2022-01-27</subfield>
    <subfield code="y">T</subfield>
  </datafield>
  <datafield tag="952" ind1=" " ind2=" ">
    <subfield code="0">0</subfield>
    <subfield code="1">0</subfield>
    <subfield code="4">0</subfield>
    <subfield code="7">0</subfield>
    <subfield code="a">HSC</subfield>
    <subfield code="b">HSC</subfield>
    <subfield code="d">2022-01-27</subfield>
    <subfield code="l">6</subfield>
    <subfield code="o">611 BDC-</subfield>
    <subfield code="p">141010</subfield>
    <subfield code="r">2026-07-02 10:21:43</subfield>
    <subfield code="s">2026-06-10</subfield>
    <subfield code="t">V.2.,C.5</subfield>
    <subfield code="w">2022-01-27</subfield>
    <subfield code="y">T</subfield>
  </datafield>
  <datafield tag="952" ind1=" " ind2=" ">
    <subfield code="0">0</subfield>
    <subfield code="1">0</subfield>
    <subfield code="4">0</subfield>
    <subfield code="7">0</subfield>
    <subfield code="a">HSC</subfield>
    <subfield code="b">HSC</subfield>
    <subfield code="d">2022-01-27</subfield>
    <subfield code="l">0</subfield>
    <subfield code="o">611 BDC-</subfield>
    <subfield code="p">141011</subfield>
    <subfield code="r">2022-01-27 00:00:00</subfield>
    <subfield code="t">V.3.,C.5</subfield>
    <subfield code="w">2022-01-27</subfield>
    <subfield code="y">T</subfield>
  </datafield>
  <datafield tag="952" ind1=" " ind2=" ">
    <subfield code="0">0</subfield>
    <subfield code="1">0</subfield>
    <subfield code="4">0</subfield>
    <subfield code="7">0</subfield>
    <subfield code="a">HSC</subfield>
    <subfield code="b">HSC</subfield>
    <subfield code="d">2022-01-27</subfield>
    <subfield code="l">12</subfield>
    <subfield code="m">1</subfield>
    <subfield code="o">611 BDC-</subfield>
    <subfield code="p">141012</subfield>
    <subfield code="r">2026-04-27 13:38:16</subfield>
    <subfield code="s">2026-04-16</subfield>
    <subfield code="t">V.4.,C.5</subfield>
    <subfield code="w">2022-01-27</subfield>
    <subfield code="y">T</subfield>
  </datafield>
  <datafield tag="952" ind1=" " ind2=" ">
    <subfield code="0">0</subfield>
    <subfield code="1">0</subfield>
    <subfield code="4">0</subfield>
    <subfield code="7">0</subfield>
    <subfield code="a">HSC</subfield>
    <subfield code="b">HSC</subfield>
    <subfield code="d">2022-02-16</subfield>
    <subfield code="l">11</subfield>
    <subfield code="m">3</subfield>
    <subfield code="o">611 BDC-</subfield>
    <subfield code="p">141890</subfield>
    <subfield code="r">2025-02-13 09:35:14</subfield>
    <subfield code="s">2025-01-27</subfield>
    <subfield code="t">V.1,C.6</subfield>
    <subfield code="w">2022-02-16</subfield>
    <subfield code="y">BK</subfield>
  </datafield>
  <datafield tag="952" ind1=" " ind2=" ">
    <subfield code="0">0</subfield>
    <subfield code="1">0</subfield>
    <subfield code="4">0</subfield>
    <subfield code="7">0</subfield>
    <subfield code="a">HSC</subfield>
    <subfield code="b">HSC</subfield>
    <subfield code="d">2022-02-16</subfield>
    <subfield code="l">7</subfield>
    <subfield code="o">611 BDC-</subfield>
    <subfield code="p">141891</subfield>
    <subfield code="q">2025-06-18</subfield>
    <subfield code="r">2025-06-04 14:46:20</subfield>
    <subfield code="s">2025-06-04</subfield>
    <subfield code="t">V.2,C.6</subfield>
    <subfield code="w">2022-02-16</subfield>
    <subfield code="y">BK</subfield>
  </datafield>
  <datafield tag="952" ind1=" " ind2=" ">
    <subfield code="0">0</subfield>
    <subfield code="1">0</subfield>
    <subfield code="4">0</subfield>
    <subfield code="7">0</subfield>
    <subfield code="a">HSC</subfield>
    <subfield code="b">HSC</subfield>
    <subfield code="d">2022-02-16</subfield>
    <subfield code="l">0</subfield>
    <subfield code="o">611 BDC-</subfield>
    <subfield code="p">141892</subfield>
    <subfield code="r">2022-02-16 00:00:00</subfield>
    <subfield code="t">V.3,C.6</subfield>
    <subfield code="w">2022-02-16</subfield>
    <subfield code="y">BK</subfield>
  </datafield>
  <datafield tag="952" ind1=" " ind2=" ">
    <subfield code="0">0</subfield>
    <subfield code="1">0</subfield>
    <subfield code="4">0</subfield>
    <subfield code="7">0</subfield>
    <subfield code="a">HSC</subfield>
    <subfield code="b">HSC</subfield>
    <subfield code="d">2022-02-16</subfield>
    <subfield code="l">3</subfield>
    <subfield code="o">611 BDC-</subfield>
    <subfield code="p">141893</subfield>
    <subfield code="r">2022-04-27 00:00:00</subfield>
    <subfield code="s">2022-03-22</subfield>
    <subfield code="t">V.4,C.6</subfield>
    <subfield code="w">2022-02-16</subfield>
    <subfield code="y">BK</subfield>
  </datafield>
  <datafield tag="952" ind1=" " ind2=" ">
    <subfield code="0">0</subfield>
    <subfield code="1">0</subfield>
    <subfield code="4">0</subfield>
    <subfield code="7">0</subfield>
    <subfield code="a">HSC</subfield>
    <subfield code="b">HSC</subfield>
    <subfield code="d">2022-02-16</subfield>
    <subfield code="l">3</subfield>
    <subfield code="o">611 BDC-</subfield>
    <subfield code="p">141894</subfield>
    <subfield code="r">2025-06-05 08:31:11</subfield>
    <subfield code="s">2025-05-27</subfield>
    <subfield code="t">V.1,C.7</subfield>
    <subfield code="w">2022-02-16</subfield>
    <subfield code="y">BK</subfield>
  </datafield>
  <datafield tag="952" ind1=" " ind2=" ">
    <subfield code="0">0</subfield>
    <subfield code="1">0</subfield>
    <subfield code="4">0</subfield>
    <subfield code="7">0</subfield>
    <subfield code="a">HSC</subfield>
    <subfield code="b">HSC</subfield>
    <subfield code="d">2022-02-16</subfield>
    <subfield code="l">0</subfield>
    <subfield code="o">611 BDC-</subfield>
    <subfield code="p">141895</subfield>
    <subfield code="r">2022-02-16 00:00:00</subfield>
    <subfield code="t">V.2,C.7</subfield>
    <subfield code="w">2022-02-16</subfield>
    <subfield code="y">BK</subfield>
  </datafield>
  <datafield tag="952" ind1=" " ind2=" ">
    <subfield code="0">0</subfield>
    <subfield code="1">0</subfield>
    <subfield code="4">0</subfield>
    <subfield code="7">0</subfield>
    <subfield code="a">HSC</subfield>
    <subfield code="b">HSC</subfield>
    <subfield code="d">2022-02-16</subfield>
    <subfield code="l">0</subfield>
    <subfield code="o">611 BDC-</subfield>
    <subfield code="p">141896</subfield>
    <subfield code="r">2022-02-16 00:00:00</subfield>
    <subfield code="t">V.3,C.7</subfield>
    <subfield code="w">2022-02-16</subfield>
    <subfield code="y">BK</subfield>
  </datafield>
  <datafield tag="952" ind1=" " ind2=" ">
    <subfield code="0">0</subfield>
    <subfield code="1">0</subfield>
    <subfield code="4">0</subfield>
    <subfield code="7">0</subfield>
    <subfield code="a">HSC</subfield>
    <subfield code="b">HSC</subfield>
    <subfield code="d">2022-02-16</subfield>
    <subfield code="l">0</subfield>
    <subfield code="o">611 BDC-</subfield>
    <subfield code="p">141897</subfield>
    <subfield code="r">2022-02-16 00:00:00</subfield>
    <subfield code="t">V.4,C.7</subfield>
    <subfield code="w">2022-02-16</subfield>
    <subfield code="y">BK</subfield>
  </datafield>
  <datafield tag="952" ind1=" " ind2=" ">
    <subfield code="0">0</subfield>
    <subfield code="1">0</subfield>
    <subfield code="4">0</subfield>
    <subfield code="7">0</subfield>
    <subfield code="a">HSC</subfield>
    <subfield code="b">HSC</subfield>
    <subfield code="d">2022-02-16</subfield>
    <subfield code="l">10</subfield>
    <subfield code="o">611 BDC-</subfield>
    <subfield code="p">141898</subfield>
    <subfield code="r">2025-01-13 10:22:32</subfield>
    <subfield code="s">2025-01-02</subfield>
    <subfield code="t">V.1,C.8</subfield>
    <subfield code="w">2022-02-16</subfield>
    <subfield code="y">BK</subfield>
  </datafield>
  <datafield tag="952" ind1=" " ind2=" ">
    <subfield code="0">0</subfield>
    <subfield code="1">0</subfield>
    <subfield code="4">0</subfield>
    <subfield code="7">0</subfield>
    <subfield code="a">HSC</subfield>
    <subfield code="b">HSC</subfield>
    <subfield code="d">2022-02-16</subfield>
    <subfield code="l">0</subfield>
    <subfield code="o">611 BDC-</subfield>
    <subfield code="p">141899</subfield>
    <subfield code="r">2022-02-16 00:00:00</subfield>
    <subfield code="t">V.2,C.8</subfield>
    <subfield code="w">2022-02-16</subfield>
    <subfield code="y">BK</subfield>
  </datafield>
  <datafield tag="952" ind1=" " ind2=" ">
    <subfield code="0">0</subfield>
    <subfield code="1">0</subfield>
    <subfield code="4">0</subfield>
    <subfield code="7">0</subfield>
    <subfield code="a">HSC</subfield>
    <subfield code="b">HSC</subfield>
    <subfield code="d">2022-02-16</subfield>
    <subfield code="l">9</subfield>
    <subfield code="o">611 BDC-</subfield>
    <subfield code="p">141900</subfield>
    <subfield code="r">2025-12-10 09:34:52</subfield>
    <subfield code="s">2025-12-09</subfield>
    <subfield code="t">V.3,C.8</subfield>
    <subfield code="w">2022-02-16</subfield>
    <subfield code="y">BK</subfield>
  </datafield>
  <datafield tag="952" ind1=" " ind2=" ">
    <subfield code="0">0</subfield>
    <subfield code="1">0</subfield>
    <subfield code="4">0</subfield>
    <subfield code="7">0</subfield>
    <subfield code="a">HSC</subfield>
    <subfield code="b">HSC</subfield>
    <subfield code="d">2022-02-16</subfield>
    <subfield code="l">3</subfield>
    <subfield code="o">611 BDC-</subfield>
    <subfield code="p">141901</subfield>
    <subfield code="r">2023-12-29 00:00:00</subfield>
    <subfield code="s">2023-12-15</subfield>
    <subfield code="t">V.4,C.8</subfield>
    <subfield code="w">2022-02-16</subfield>
    <subfield code="y">BK</subfield>
  </datafield>
  <datafield tag="952" ind1=" " ind2=" ">
    <subfield code="0">0</subfield>
    <subfield code="1">0</subfield>
    <subfield code="4">0</subfield>
    <subfield code="7">0</subfield>
    <subfield code="a">HSC</subfield>
    <subfield code="b">HSC</subfield>
    <subfield code="d">2022-02-16</subfield>
    <subfield code="l">6</subfield>
    <subfield code="o">611 BDC-</subfield>
    <subfield code="p">141902</subfield>
    <subfield code="q">2023-12-18</subfield>
    <subfield code="r">2023-12-04 00:00:00</subfield>
    <subfield code="s">2023-12-04</subfield>
    <subfield code="t">V.1,C.9</subfield>
    <subfield code="w">2022-02-16</subfield>
    <subfield code="y">BK</subfield>
  </datafield>
  <datafield tag="952" ind1=" " ind2=" ">
    <subfield code="0">0</subfield>
    <subfield code="1">0</subfield>
    <subfield code="4">0</subfield>
    <subfield code="7">0</subfield>
    <subfield code="a">HSC</subfield>
    <subfield code="b">HSC</subfield>
    <subfield code="d">2022-02-16</subfield>
    <subfield code="l">2</subfield>
    <subfield code="o">611 BDC-</subfield>
    <subfield code="p">141903</subfield>
    <subfield code="r">2025-07-01 15:50:24</subfield>
    <subfield code="s">2025-05-21</subfield>
    <subfield code="t">V.2,C.9</subfield>
    <subfield code="w">2022-02-16</subfield>
    <subfield code="y">BK</subfield>
  </datafield>
  <datafield tag="952" ind1=" " ind2=" ">
    <subfield code="0">0</subfield>
    <subfield code="1">0</subfield>
    <subfield code="4">0</subfield>
    <subfield code="7">0</subfield>
    <subfield code="a">HSC</subfield>
    <subfield code="b">HSC</subfield>
    <subfield code="d">2022-02-16</subfield>
    <subfield code="l">0</subfield>
    <subfield code="o">611 BDC-</subfield>
    <subfield code="p">141904</subfield>
    <subfield code="r">2022-02-16 00:00:00</subfield>
    <subfield code="t">V.3,C.9</subfield>
    <subfield code="w">2022-02-16</subfield>
    <subfield code="y">BK</subfield>
  </datafield>
  <datafield tag="952" ind1=" " ind2=" ">
    <subfield code="0">0</subfield>
    <subfield code="1">0</subfield>
    <subfield code="4">0</subfield>
    <subfield code="7">0</subfield>
    <subfield code="a">HSC</subfield>
    <subfield code="b">HSC</subfield>
    <subfield code="d">2022-02-16</subfield>
    <subfield code="l">1</subfield>
    <subfield code="o">611 BDC-</subfield>
    <subfield code="p">141905</subfield>
    <subfield code="r">2022-07-04 00:00:00</subfield>
    <subfield code="s">2022-06-08</subfield>
    <subfield code="t">V.4,C.9</subfield>
    <subfield code="w">2022-02-16</subfield>
    <subfield code="y">BK</subfield>
  </datafield>
  <datafield tag="952" ind1=" " ind2=" ">
    <subfield code="0">0</subfield>
    <subfield code="1">0</subfield>
    <subfield code="4">0</subfield>
    <subfield code="7">0</subfield>
    <subfield code="a">HSC</subfield>
    <subfield code="b">HSC</subfield>
    <subfield code="d">2022-02-16</subfield>
    <subfield code="l">7</subfield>
    <subfield code="o">611 BDC-</subfield>
    <subfield code="p">141906</subfield>
    <subfield code="r">2026-03-02 11:07:30</subfield>
    <subfield code="s">2026-02-25</subfield>
    <subfield code="t">V.1,C.10</subfield>
    <subfield code="w">2022-02-16</subfield>
    <subfield code="y">BK</subfield>
  </datafield>
  <datafield tag="952" ind1=" " ind2=" ">
    <subfield code="0">0</subfield>
    <subfield code="1">0</subfield>
    <subfield code="4">0</subfield>
    <subfield code="7">0</subfield>
    <subfield code="a">HSC</subfield>
    <subfield code="b">HSC</subfield>
    <subfield code="d">2022-02-16</subfield>
    <subfield code="l">1</subfield>
    <subfield code="o">611 BDC-</subfield>
    <subfield code="p">141907</subfield>
    <subfield code="r">2024-05-06 00:00:00</subfield>
    <subfield code="s">2024-04-22</subfield>
    <subfield code="t">V.2,C.10</subfield>
    <subfield code="w">2022-02-16</subfield>
    <subfield code="y">BK</subfield>
  </datafield>
  <datafield tag="952" ind1=" " ind2=" ">
    <subfield code="0">0</subfield>
    <subfield code="1">0</subfield>
    <subfield code="4">0</subfield>
    <subfield code="7">0</subfield>
    <subfield code="a">HSC</subfield>
    <subfield code="b">HSC</subfield>
    <subfield code="d">2022-02-16</subfield>
    <subfield code="l">2</subfield>
    <subfield code="o">611 BDC-</subfield>
    <subfield code="p">141908</subfield>
    <subfield code="r">2023-02-03 00:00:00</subfield>
    <subfield code="s">2023-01-26</subfield>
    <subfield code="t">V.3,C.10</subfield>
    <subfield code="w">2022-02-16</subfield>
    <subfield code="y">BK</subfield>
  </datafield>
  <datafield tag="952" ind1=" " ind2=" ">
    <subfield code="0">0</subfield>
    <subfield code="1">0</subfield>
    <subfield code="4">0</subfield>
    <subfield code="7">0</subfield>
    <subfield code="a">HSC</subfield>
    <subfield code="b">HSC</subfield>
    <subfield code="d">2022-02-16</subfield>
    <subfield code="l">11</subfield>
    <subfield code="o">611 BDC-</subfield>
    <subfield code="p">141909</subfield>
    <subfield code="r">2025-07-18 11:41:41</subfield>
    <subfield code="s">2025-07-04</subfield>
    <subfield code="t">V.4,C.10</subfield>
    <subfield code="w">2022-02-16</subfield>
    <subfield code="y">BK</subfield>
  </datafield>
  <datafield tag="952" ind1=" " ind2=" ">
    <subfield code="0">0</subfield>
    <subfield code="1">0</subfield>
    <subfield code="4">0</subfield>
    <subfield code="7">0</subfield>
    <subfield code="a">HSC</subfield>
    <subfield code="b">HSC</subfield>
    <subfield code="d">2022-02-16</subfield>
    <subfield code="l">4</subfield>
    <subfield code="o">611 BDC-</subfield>
    <subfield code="p">141910</subfield>
    <subfield code="r">2026-03-13 09:21:07</subfield>
    <subfield code="s">2026-02-24</subfield>
    <subfield code="t">V.1,C.11</subfield>
    <subfield code="w">2022-02-16</subfield>
    <subfield code="y">BK</subfield>
  </datafield>
  <datafield tag="952" ind1=" " ind2=" ">
    <subfield code="0">0</subfield>
    <subfield code="1">0</subfield>
    <subfield code="4">0</subfield>
    <subfield code="7">0</subfield>
    <subfield code="a">HSC</subfield>
    <subfield code="b">HSC</subfield>
    <subfield code="d">2022-02-16</subfield>
    <subfield code="l">1</subfield>
    <subfield code="o">611 BDC-</subfield>
    <subfield code="p">141911</subfield>
    <subfield code="r">2026-01-14 10:11:03</subfield>
    <subfield code="s">2026-01-01</subfield>
    <subfield code="t">V.2,C.11</subfield>
    <subfield code="w">2022-02-16</subfield>
    <subfield code="y">BK</subfield>
  </datafield>
  <datafield tag="952" ind1=" " ind2=" ">
    <subfield code="0">0</subfield>
    <subfield code="1">0</subfield>
    <subfield code="4">0</subfield>
    <subfield code="7">0</subfield>
    <subfield code="a">HSC</subfield>
    <subfield code="b">HSC</subfield>
    <subfield code="d">2022-02-16</subfield>
    <subfield code="l">2</subfield>
    <subfield code="o">611 BDC-</subfield>
    <subfield code="p">141912</subfield>
    <subfield code="r">2023-03-14 00:00:00</subfield>
    <subfield code="s">2023-02-28</subfield>
    <subfield code="t">V.3,C.11</subfield>
    <subfield code="w">2022-02-16</subfield>
    <subfield code="y">BK</subfield>
  </datafield>
  <datafield tag="952" ind1=" " ind2=" ">
    <subfield code="0">0</subfield>
    <subfield code="1">0</subfield>
    <subfield code="4">0</subfield>
    <subfield code="7">0</subfield>
    <subfield code="a">HSC</subfield>
    <subfield code="b">HSC</subfield>
    <subfield code="d">2022-02-16</subfield>
    <subfield code="l">1</subfield>
    <subfield code="o">611 BDC-</subfield>
    <subfield code="p">141913</subfield>
    <subfield code="r">2022-04-13 00:00:00</subfield>
    <subfield code="s">2022-03-25</subfield>
    <subfield code="t">V.4,C.11</subfield>
    <subfield code="w">2022-02-16</subfield>
    <subfield code="y">BK</subfield>
  </datafield>
  <datafield tag="952" ind1=" " ind2=" ">
    <subfield code="0">0</subfield>
    <subfield code="1">0</subfield>
    <subfield code="4">0</subfield>
    <subfield code="7">0</subfield>
    <subfield code="a">HSC</subfield>
    <subfield code="b">HSC</subfield>
    <subfield code="d">2022-02-16</subfield>
    <subfield code="l">6</subfield>
    <subfield code="o">611 BDC-</subfield>
    <subfield code="p">141914</subfield>
    <subfield code="r">2024-12-11 08:38:13</subfield>
    <subfield code="s">2024-11-29</subfield>
    <subfield code="t">V.1,C.12</subfield>
    <subfield code="w">2022-02-16</subfield>
    <subfield code="y">BK</subfield>
  </datafield>
  <datafield tag="952" ind1=" " ind2=" ">
    <subfield code="0">0</subfield>
    <subfield code="1">0</subfield>
    <subfield code="4">0</subfield>
    <subfield code="7">0</subfield>
    <subfield code="a">HSC</subfield>
    <subfield code="b">HSC</subfield>
    <subfield code="d">2022-02-16</subfield>
    <subfield code="l">1</subfield>
    <subfield code="o">611 BDC-</subfield>
    <subfield code="p">141915</subfield>
    <subfield code="r">2024-05-27 00:00:00</subfield>
    <subfield code="s">2024-05-17</subfield>
    <subfield code="t">V.2,C.12</subfield>
    <subfield code="w">2022-02-16</subfield>
    <subfield code="y">BK</subfield>
  </datafield>
  <datafield tag="952" ind1=" " ind2=" ">
    <subfield code="0">0</subfield>
    <subfield code="1">0</subfield>
    <subfield code="4">0</subfield>
    <subfield code="7">0</subfield>
    <subfield code="a">HSC</subfield>
    <subfield code="b">HSC</subfield>
    <subfield code="d">2022-02-16</subfield>
    <subfield code="l">0</subfield>
    <subfield code="o">611 BDC-</subfield>
    <subfield code="p">141916</subfield>
    <subfield code="r">2022-02-16 00:00:00</subfield>
    <subfield code="t">V.3,C.12</subfield>
    <subfield code="w">2022-02-16</subfield>
    <subfield code="y">BK</subfield>
  </datafield>
  <datafield tag="952" ind1=" " ind2=" ">
    <subfield code="0">0</subfield>
    <subfield code="1">0</subfield>
    <subfield code="4">0</subfield>
    <subfield code="7">0</subfield>
    <subfield code="a">HSC</subfield>
    <subfield code="b">HSC</subfield>
    <subfield code="d">2022-02-16</subfield>
    <subfield code="l">1</subfield>
    <subfield code="o">611 BDC-</subfield>
    <subfield code="p">141917</subfield>
    <subfield code="r">2025-02-18 13:45:48</subfield>
    <subfield code="s">2025-01-21</subfield>
    <subfield code="t">V.4,C.12</subfield>
    <subfield code="w">2022-02-16</subfield>
    <subfield code="y">BK</subfield>
  </datafield>
  <datafield tag="952" ind1=" " ind2=" ">
    <subfield code="0">0</subfield>
    <subfield code="1">0</subfield>
    <subfield code="4">0</subfield>
    <subfield code="7">0</subfield>
    <subfield code="a">HSC</subfield>
    <subfield code="b">HSC</subfield>
    <subfield code="d">2022-02-16</subfield>
    <subfield code="l">8</subfield>
    <subfield code="o">611 BDC-</subfield>
    <subfield code="p">141918</subfield>
    <subfield code="r">2026-02-27 10:19:03</subfield>
    <subfield code="s">2026-02-12</subfield>
    <subfield code="t">V.1,C.13</subfield>
    <subfield code="w">2022-02-16</subfield>
    <subfield code="y">BK</subfield>
  </datafield>
  <datafield tag="952" ind1=" " ind2=" ">
    <subfield code="0">0</subfield>
    <subfield code="1">0</subfield>
    <subfield code="4">0</subfield>
    <subfield code="7">0</subfield>
    <subfield code="a">HSC</subfield>
    <subfield code="b">HSC</subfield>
    <subfield code="d">2022-02-16</subfield>
    <subfield code="l">4</subfield>
    <subfield code="o">611 BDC-</subfield>
    <subfield code="p">141919</subfield>
    <subfield code="r">2023-06-12 00:00:00</subfield>
    <subfield code="s">2023-05-29</subfield>
    <subfield code="t">V.2,C.13</subfield>
    <subfield code="w">2022-02-16</subfield>
    <subfield code="y">BK</subfield>
  </datafield>
  <datafield tag="952" ind1=" " ind2=" ">
    <subfield code="0">0</subfield>
    <subfield code="1">0</subfield>
    <subfield code="4">0</subfield>
    <subfield code="7">0</subfield>
    <subfield code="a">HSC</subfield>
    <subfield code="b">HSC</subfield>
    <subfield code="d">2022-02-16</subfield>
    <subfield code="l">0</subfield>
    <subfield code="o">611 BDC-</subfield>
    <subfield code="p">141920</subfield>
    <subfield code="r">2022-02-16 00:00:00</subfield>
    <subfield code="t">V.3,C.13</subfield>
    <subfield code="w">2022-02-16</subfield>
    <subfield code="y">BK</subfield>
  </datafield>
  <datafield tag="952" ind1=" " ind2=" ">
    <subfield code="0">0</subfield>
    <subfield code="1">0</subfield>
    <subfield code="4">0</subfield>
    <subfield code="7">0</subfield>
    <subfield code="a">HSC</subfield>
    <subfield code="b">HSC</subfield>
    <subfield code="d">2022-02-16</subfield>
    <subfield code="l">1</subfield>
    <subfield code="o">611 BDC-</subfield>
    <subfield code="p">141921</subfield>
    <subfield code="r">2022-04-12 00:00:00</subfield>
    <subfield code="s">2022-04-04</subfield>
    <subfield code="t">V.4,C.13</subfield>
    <subfield code="w">2022-02-16</subfield>
    <subfield code="y">BK</subfield>
  </datafield>
  <datafield tag="952" ind1=" " ind2=" ">
    <subfield code="0">0</subfield>
    <subfield code="1">0</subfield>
    <subfield code="4">0</subfield>
    <subfield code="7">0</subfield>
    <subfield code="a">HSC</subfield>
    <subfield code="b">HSC</subfield>
    <subfield code="d">2022-02-16</subfield>
    <subfield code="l">8</subfield>
    <subfield code="o">611 BDC-</subfield>
    <subfield code="p">141922</subfield>
    <subfield code="r">2025-03-07 10:12:34</subfield>
    <subfield code="s">2025-02-19</subfield>
    <subfield code="t">V.1,C.14</subfield>
    <subfield code="w">2022-02-16</subfield>
    <subfield code="y">BK</subfield>
  </datafield>
  <datafield tag="952" ind1=" " ind2=" ">
    <subfield code="0">0</subfield>
    <subfield code="1">0</subfield>
    <subfield code="4">0</subfield>
    <subfield code="7">0</subfield>
    <subfield code="a">HSC</subfield>
    <subfield code="b">HSC</subfield>
    <subfield code="d">2022-02-16</subfield>
    <subfield code="l">3</subfield>
    <subfield code="o">611 BDC-</subfield>
    <subfield code="p">141923</subfield>
    <subfield code="q">2023-12-18</subfield>
    <subfield code="r">2023-12-04 00:00:00</subfield>
    <subfield code="s">2023-12-04</subfield>
    <subfield code="t">V.2,C.14</subfield>
    <subfield code="w">2022-02-16</subfield>
    <subfield code="y">BK</subfield>
  </datafield>
  <datafield tag="952" ind1=" " ind2=" ">
    <subfield code="0">0</subfield>
    <subfield code="1">0</subfield>
    <subfield code="4">0</subfield>
    <subfield code="7">0</subfield>
    <subfield code="a">HSC</subfield>
    <subfield code="b">HSC</subfield>
    <subfield code="d">2022-02-16</subfield>
    <subfield code="l">4</subfield>
    <subfield code="o">611 BDC-</subfield>
    <subfield code="p">141924</subfield>
    <subfield code="r">2025-12-02 13:28:26</subfield>
    <subfield code="s">2025-11-26</subfield>
    <subfield code="t">V.3,C.14</subfield>
    <subfield code="w">2022-02-16</subfield>
    <subfield code="y">BK</subfield>
  </datafield>
  <datafield tag="952" ind1=" " ind2=" ">
    <subfield code="0">0</subfield>
    <subfield code="1">0</subfield>
    <subfield code="4">0</subfield>
    <subfield code="7">0</subfield>
    <subfield code="a">HSC</subfield>
    <subfield code="b">HSC</subfield>
    <subfield code="d">2022-02-16</subfield>
    <subfield code="l">2</subfield>
    <subfield code="o">611 BDC-</subfield>
    <subfield code="p">141925</subfield>
    <subfield code="r">2022-04-07 00:00:00</subfield>
    <subfield code="s">2022-04-05</subfield>
    <subfield code="t">V.4,C.14</subfield>
    <subfield code="w">2022-02-16</subfield>
    <subfield code="y">BK</subfield>
  </datafield>
  <datafield tag="952" ind1=" " ind2=" ">
    <subfield code="0">0</subfield>
    <subfield code="1">0</subfield>
    <subfield code="4">0</subfield>
    <subfield code="7">0</subfield>
    <subfield code="a">HSC</subfield>
    <subfield code="b">HSC</subfield>
    <subfield code="d">2022-02-16</subfield>
    <subfield code="l">7</subfield>
    <subfield code="m">1</subfield>
    <subfield code="o">611 BDC-</subfield>
    <subfield code="p">141926</subfield>
    <subfield code="r">2024-04-16 00:00:00</subfield>
    <subfield code="s">2024-03-12</subfield>
    <subfield code="t">V.1,C.15</subfield>
    <subfield code="w">2022-02-16</subfield>
    <subfield code="y">BK</subfield>
  </datafield>
  <datafield tag="952" ind1=" " ind2=" ">
    <subfield code="0">0</subfield>
    <subfield code="1">0</subfield>
    <subfield code="4">0</subfield>
    <subfield code="7">0</subfield>
    <subfield code="a">HSC</subfield>
    <subfield code="b">HSC</subfield>
    <subfield code="d">2022-02-16</subfield>
    <subfield code="l">10</subfield>
    <subfield code="o">611 BDC-</subfield>
    <subfield code="p">141927</subfield>
    <subfield code="q">2024-09-26</subfield>
    <subfield code="r">2024-09-12 12:16:56</subfield>
    <subfield code="s">2024-09-12</subfield>
    <subfield code="t">V.2,C.15</subfield>
    <subfield code="w">2022-02-16</subfield>
    <subfield code="y">BK</subfield>
  </datafield>
  <datafield tag="952" ind1=" " ind2=" ">
    <subfield code="0">0</subfield>
    <subfield code="1">0</subfield>
    <subfield code="4">0</subfield>
    <subfield code="7">0</subfield>
    <subfield code="a">HSC</subfield>
    <subfield code="b">HSC</subfield>
    <subfield code="d">2022-02-16</subfield>
    <subfield code="l">1</subfield>
    <subfield code="o">611 BDC-</subfield>
    <subfield code="p">141928</subfield>
    <subfield code="r">2023-09-13 00:00:00</subfield>
    <subfield code="s">2023-08-29</subfield>
    <subfield code="t">V.3,C.15</subfield>
    <subfield code="w">2022-02-16</subfield>
    <subfield code="y">BK</subfield>
  </datafield>
  <datafield tag="952" ind1=" " ind2=" ">
    <subfield code="0">0</subfield>
    <subfield code="1">0</subfield>
    <subfield code="4">0</subfield>
    <subfield code="7">0</subfield>
    <subfield code="a">HSC</subfield>
    <subfield code="b">HSC</subfield>
    <subfield code="d">2022-02-16</subfield>
    <subfield code="l">2</subfield>
    <subfield code="o">611 BDC-</subfield>
    <subfield code="p">141929</subfield>
    <subfield code="r">2023-07-31 00:00:00</subfield>
    <subfield code="s">2023-07-07</subfield>
    <subfield code="t">V.4,C.15</subfield>
    <subfield code="w">2022-02-16</subfield>
    <subfield code="y">BK</subfield>
  </datafield>
  <datafield tag="952" ind1=" " ind2=" ">
    <subfield code="0">0</subfield>
    <subfield code="1">0</subfield>
    <subfield code="4">0</subfield>
    <subfield code="7">0</subfield>
    <subfield code="a">HSC</subfield>
    <subfield code="b">HSC</subfield>
    <subfield code="d">2022-02-16</subfield>
    <subfield code="l">6</subfield>
    <subfield code="o">611 BDC-</subfield>
    <subfield code="p">141930</subfield>
    <subfield code="r">2026-02-16 11:03:40</subfield>
    <subfield code="s">2026-02-14</subfield>
    <subfield code="t">V.1,C.16</subfield>
    <subfield code="w">2022-02-16</subfield>
    <subfield code="y">BK</subfield>
  </datafield>
  <datafield tag="952" ind1=" " ind2=" ">
    <subfield code="0">0</subfield>
    <subfield code="1">0</subfield>
    <subfield code="4">0</subfield>
    <subfield code="7">0</subfield>
    <subfield code="a">HSC</subfield>
    <subfield code="b">HSC</subfield>
    <subfield code="d">2022-02-16</subfield>
    <subfield code="l">2</subfield>
    <subfield code="o">611 BDC-</subfield>
    <subfield code="p">141931</subfield>
    <subfield code="r">2024-04-25 00:00:00</subfield>
    <subfield code="s">2024-04-19</subfield>
    <subfield code="t">V.2,C.16</subfield>
    <subfield code="w">2022-02-16</subfield>
    <subfield code="y">BK</subfield>
  </datafield>
  <datafield tag="952" ind1=" " ind2=" ">
    <subfield code="0">0</subfield>
    <subfield code="1">0</subfield>
    <subfield code="4">0</subfield>
    <subfield code="7">0</subfield>
    <subfield code="a">HSC</subfield>
    <subfield code="b">HSC</subfield>
    <subfield code="d">2022-02-16</subfield>
    <subfield code="l">4</subfield>
    <subfield code="o">611 BDC-</subfield>
    <subfield code="p">141932</subfield>
    <subfield code="r">2024-04-29 00:00:00</subfield>
    <subfield code="s">2024-04-19</subfield>
    <subfield code="t">V.3,C.16</subfield>
    <subfield code="w">2022-02-16</subfield>
    <subfield code="y">BK</subfield>
  </datafield>
  <datafield tag="952" ind1=" " ind2=" ">
    <subfield code="0">0</subfield>
    <subfield code="1">0</subfield>
    <subfield code="4">0</subfield>
    <subfield code="7">0</subfield>
    <subfield code="a">HSC</subfield>
    <subfield code="b">HSC</subfield>
    <subfield code="d">2022-02-16</subfield>
    <subfield code="l">3</subfield>
    <subfield code="o">611 BDC-</subfield>
    <subfield code="p">141933</subfield>
    <subfield code="r">2024-06-24 11:35:39</subfield>
    <subfield code="s">2024-06-11</subfield>
    <subfield code="t">V.4,C.16</subfield>
    <subfield code="w">2022-02-16</subfield>
    <subfield code="y">BK</subfield>
  </datafield>
  <datafield tag="952" ind1=" " ind2=" ">
    <subfield code="0">0</subfield>
    <subfield code="1">0</subfield>
    <subfield code="4">0</subfield>
    <subfield code="7">0</subfield>
    <subfield code="a">HSC</subfield>
    <subfield code="b">HSC</subfield>
    <subfield code="d">2022-02-16</subfield>
    <subfield code="l">8</subfield>
    <subfield code="o">611 BDC-</subfield>
    <subfield code="p">141934</subfield>
    <subfield code="r">2025-04-09 10:21:55</subfield>
    <subfield code="s">2025-02-10</subfield>
    <subfield code="t">V.1,C.17</subfield>
    <subfield code="w">2022-02-16</subfield>
    <subfield code="y">BK</subfield>
  </datafield>
  <datafield tag="952" ind1=" " ind2=" ">
    <subfield code="0">0</subfield>
    <subfield code="1">0</subfield>
    <subfield code="4">0</subfield>
    <subfield code="7">0</subfield>
    <subfield code="a">HSC</subfield>
    <subfield code="b">HSC</subfield>
    <subfield code="d">2022-02-16</subfield>
    <subfield code="l">0</subfield>
    <subfield code="o">611 BDC-</subfield>
    <subfield code="p">141935</subfield>
    <subfield code="r">2022-02-16 00:00:00</subfield>
    <subfield code="t">V.2,C.17</subfield>
    <subfield code="w">2022-02-16</subfield>
    <subfield code="y">BK</subfield>
  </datafield>
  <datafield tag="952" ind1=" " ind2=" ">
    <subfield code="0">0</subfield>
    <subfield code="1">0</subfield>
    <subfield code="4">0</subfield>
    <subfield code="7">0</subfield>
    <subfield code="a">HSC</subfield>
    <subfield code="b">HSC</subfield>
    <subfield code="d">2022-02-16</subfield>
    <subfield code="l">1</subfield>
    <subfield code="o">611 BDC-</subfield>
    <subfield code="p">141936</subfield>
    <subfield code="r">2024-05-20 00:00:00</subfield>
    <subfield code="s">2024-04-16</subfield>
    <subfield code="t">V.3,C.17</subfield>
    <subfield code="w">2022-02-16</subfield>
    <subfield code="y">BK</subfield>
  </datafield>
  <datafield tag="952" ind1=" " ind2=" ">
    <subfield code="0">0</subfield>
    <subfield code="1">0</subfield>
    <subfield code="4">0</subfield>
    <subfield code="7">0</subfield>
    <subfield code="a">HSC</subfield>
    <subfield code="b">HSC</subfield>
    <subfield code="d">2022-02-16</subfield>
    <subfield code="l">0</subfield>
    <subfield code="o">611 BDC-</subfield>
    <subfield code="p">141937</subfield>
    <subfield code="r">2022-02-16 00:00:00</subfield>
    <subfield code="t">V.4,C.17</subfield>
    <subfield code="w">2022-02-16</subfield>
    <subfield code="y">BK</subfield>
  </datafield>
  <datafield tag="952" ind1=" " ind2=" ">
    <subfield code="0">0</subfield>
    <subfield code="1">0</subfield>
    <subfield code="4">0</subfield>
    <subfield code="7">0</subfield>
    <subfield code="a">HSC</subfield>
    <subfield code="b">HSC</subfield>
    <subfield code="d">2022-02-16</subfield>
    <subfield code="l">4</subfield>
    <subfield code="m">1</subfield>
    <subfield code="o">611 BDC-</subfield>
    <subfield code="p">141938</subfield>
    <subfield code="q">2026-04-01</subfield>
    <subfield code="r">2026-02-24 12:01:18</subfield>
    <subfield code="s">2026-02-24</subfield>
    <subfield code="t">V.1,C.18</subfield>
    <subfield code="w">2022-02-16</subfield>
    <subfield code="y">BK</subfield>
  </datafield>
  <datafield tag="952" ind1=" " ind2=" ">
    <subfield code="0">0</subfield>
    <subfield code="1">0</subfield>
    <subfield code="4">0</subfield>
    <subfield code="7">0</subfield>
    <subfield code="a">HSC</subfield>
    <subfield code="b">HSC</subfield>
    <subfield code="d">2022-02-16</subfield>
    <subfield code="l">8</subfield>
    <subfield code="o">611 BDC-</subfield>
    <subfield code="p">141939</subfield>
    <subfield code="r">2025-02-06 09:40:59</subfield>
    <subfield code="s">2024-09-12</subfield>
    <subfield code="t">V.2,C.18</subfield>
    <subfield code="w">2022-02-16</subfield>
    <subfield code="y">BK</subfield>
  </datafield>
  <datafield tag="952" ind1=" " ind2=" ">
    <subfield code="0">0</subfield>
    <subfield code="1">0</subfield>
    <subfield code="4">0</subfield>
    <subfield code="7">0</subfield>
    <subfield code="a">HSC</subfield>
    <subfield code="b">HSC</subfield>
    <subfield code="d">2022-02-16</subfield>
    <subfield code="l">1</subfield>
    <subfield code="o">611 BDC-</subfield>
    <subfield code="p">141940</subfield>
    <subfield code="r">2024-03-12 00:00:00</subfield>
    <subfield code="s">2024-01-15</subfield>
    <subfield code="t">V.3,C.18</subfield>
    <subfield code="w">2022-02-16</subfield>
    <subfield code="y">BK</subfield>
  </datafield>
  <datafield tag="952" ind1=" " ind2=" ">
    <subfield code="0">0</subfield>
    <subfield code="1">0</subfield>
    <subfield code="4">0</subfield>
    <subfield code="7">0</subfield>
    <subfield code="a">HSC</subfield>
    <subfield code="b">HSC</subfield>
    <subfield code="d">2022-02-16</subfield>
    <subfield code="l">3</subfield>
    <subfield code="o">611 BDC-</subfield>
    <subfield code="p">141941</subfield>
    <subfield code="r">2022-12-05 00:00:00</subfield>
    <subfield code="s">2022-11-21</subfield>
    <subfield code="t">V.4,C.18</subfield>
    <subfield code="w">2022-02-16</subfield>
    <subfield code="y">BK</subfield>
  </datafield>
  <datafield tag="952" ind1=" " ind2=" ">
    <subfield code="0">0</subfield>
    <subfield code="1">0</subfield>
    <subfield code="4">0</subfield>
    <subfield code="7">0</subfield>
    <subfield code="a">HSC</subfield>
    <subfield code="b">HSC</subfield>
    <subfield code="d">2022-02-16</subfield>
    <subfield code="l">13</subfield>
    <subfield code="o">611 BDC-</subfield>
    <subfield code="p">141942</subfield>
    <subfield code="r">2025-01-22 16:21:27</subfield>
    <subfield code="s">2025-01-08</subfield>
    <subfield code="t">V.1,C.19</subfield>
    <subfield code="w">2022-02-16</subfield>
    <subfield code="y">BK</subfield>
  </datafield>
  <datafield tag="952" ind1=" " ind2=" ">
    <subfield code="0">0</subfield>
    <subfield code="1">0</subfield>
    <subfield code="4">0</subfield>
    <subfield code="7">0</subfield>
    <subfield code="a">HSC</subfield>
    <subfield code="b">HSC</subfield>
    <subfield code="d">2022-02-16</subfield>
    <subfield code="l">3</subfield>
    <subfield code="o">611 BDC-</subfield>
    <subfield code="p">141943</subfield>
    <subfield code="r">2025-12-23 10:05:44</subfield>
    <subfield code="s">2025-12-22</subfield>
    <subfield code="t">V.2,C.19</subfield>
    <subfield code="w">2022-02-16</subfield>
    <subfield code="y">BK</subfield>
  </datafield>
  <datafield tag="952" ind1=" " ind2=" ">
    <subfield code="0">0</subfield>
    <subfield code="1">0</subfield>
    <subfield code="4">0</subfield>
    <subfield code="7">0</subfield>
    <subfield code="a">HSC</subfield>
    <subfield code="b">HSC</subfield>
    <subfield code="d">2022-02-16</subfield>
    <subfield code="l">0</subfield>
    <subfield code="o">611 BDC-</subfield>
    <subfield code="p">141944</subfield>
    <subfield code="r">2022-02-16 00:00:00</subfield>
    <subfield code="t">V.3,C.19</subfield>
    <subfield code="w">2022-02-16</subfield>
    <subfield code="y">BK</subfield>
  </datafield>
  <datafield tag="952" ind1=" " ind2=" ">
    <subfield code="0">0</subfield>
    <subfield code="1">0</subfield>
    <subfield code="4">0</subfield>
    <subfield code="7">0</subfield>
    <subfield code="a">HSC</subfield>
    <subfield code="b">HSC</subfield>
    <subfield code="d">2022-02-16</subfield>
    <subfield code="l">6</subfield>
    <subfield code="o">611 BDC-</subfield>
    <subfield code="p">141945</subfield>
    <subfield code="r">2023-01-23 00:00:00</subfield>
    <subfield code="s">2023-01-23</subfield>
    <subfield code="t">V.4,C.19</subfield>
    <subfield code="w">2022-02-16</subfield>
    <subfield code="y">BK</subfield>
  </datafield>
  <datafield tag="952" ind1=" " ind2=" ">
    <subfield code="0">0</subfield>
    <subfield code="1">0</subfield>
    <subfield code="4">0</subfield>
    <subfield code="7">0</subfield>
    <subfield code="a">HSC</subfield>
    <subfield code="b">HSC</subfield>
    <subfield code="d">2022-02-16</subfield>
    <subfield code="l">18</subfield>
    <subfield code="m">1</subfield>
    <subfield code="o">611 BDC-</subfield>
    <subfield code="p">141946</subfield>
    <subfield code="r">2025-11-17 12:48:24</subfield>
    <subfield code="s">2025-11-14</subfield>
    <subfield code="t">V.1,C.20</subfield>
    <subfield code="w">2022-02-16</subfield>
    <subfield code="y">BK</subfield>
  </datafield>
  <datafield tag="952" ind1=" " ind2=" ">
    <subfield code="0">0</subfield>
    <subfield code="1">0</subfield>
    <subfield code="4">0</subfield>
    <subfield code="7">0</subfield>
    <subfield code="a">HSC</subfield>
    <subfield code="b">HSC</subfield>
    <subfield code="d">2022-02-16</subfield>
    <subfield code="l">3</subfield>
    <subfield code="o">611 BDC-</subfield>
    <subfield code="p">141947</subfield>
    <subfield code="r">2026-03-13 13:23:27</subfield>
    <subfield code="s">2025-11-17</subfield>
    <subfield code="t">V.2,C.20</subfield>
    <subfield code="w">2022-02-16</subfield>
    <subfield code="y">BK</subfield>
  </datafield>
  <datafield tag="952" ind1=" " ind2=" ">
    <subfield code="0">0</subfield>
    <subfield code="1">0</subfield>
    <subfield code="4">0</subfield>
    <subfield code="7">0</subfield>
    <subfield code="a">HSC</subfield>
    <subfield code="b">HSC</subfield>
    <subfield code="d">2022-02-16</subfield>
    <subfield code="l">7</subfield>
    <subfield code="o">611 BDC-</subfield>
    <subfield code="p">141948</subfield>
    <subfield code="r">2024-12-09 15:08:29</subfield>
    <subfield code="s">2024-11-26</subfield>
    <subfield code="t">V.3,C.20</subfield>
    <subfield code="w">2022-02-16</subfield>
    <subfield code="y">BK</subfield>
  </datafield>
  <datafield tag="952" ind1=" " ind2=" ">
    <subfield code="0">0</subfield>
    <subfield code="1">0</subfield>
    <subfield code="4">0</subfield>
    <subfield code="7">0</subfield>
    <subfield code="a">HSC</subfield>
    <subfield code="b">HSC</subfield>
    <subfield code="d">2022-02-16</subfield>
    <subfield code="l">3</subfield>
    <subfield code="o">611 BDC-</subfield>
    <subfield code="p">141949</subfield>
    <subfield code="r">2025-05-07 11:42:20</subfield>
    <subfield code="s">2025-04-17</subfield>
    <subfield code="t">V.4,C.20</subfield>
    <subfield code="w">2022-02-16</subfield>
    <subfield code="y">BK</subfield>
  </datafield>
</record>
